| 000 | 00761npm a2200229 i 4500 | ||
|---|---|---|---|
| 001 | 5299 | ||
| 003 | ES-MaACL | ||
| 005 | 20230908152301.0 | ||
| 007 | hzrazu bucu | ||
| 008 | 900430r19901838sp b 00010 spa d | ||
| 080 | _a05(464.1 Madrid) Revista | ||
| 080 | _a05(46) | ||
| 245 | 0 | 3 |
_aLa Revista Peninsular _b: [Microforma]. |
| 260 |
_aMadrid : _bAteneo Cientifico, Literario y Artistico, _c1990. |
||
| 300 |
_a2 microfichas : _bnegativo. |
||
| 500 | _aPublicado originalmente: Madrid, Impr. de la CompaƱia Tipografica, 1838, 2 tomos en 1 v. | ||
| 505 | 8 | _aMicroficha n. 1: Tomo 1 -- Microficha n. 2: Tomo 2 | |
| 650 | 1 | 4 |
_aObras de 1800. _915662 |
| 852 |
_aES-MaACL _jMCF-41 _95416 _cDEPO1 |
||
| 942 |
_2udc _cMICROFORMA |
||
| 999 |
_c5299 _d5299 |
||